Derecho del trabajo y de la seguridad social

Guardat en:
Dades bibliogràfiques
Autor principal: Humeres Magnan, Héctor (autor)
Altres autors: Humeres Noguer, Héctor (autor)
Format: Llibre
Idioma:espanyol
Publicat: Santiago Jurídica de Chile 1988
Edició:12a. ed
Matèries:
Etiquetes: Afegir etiqueta
Sense etiquetes, Sigues el primer a etiquetar aquest registre!

MARC

LEADER 00000nam a2200000 a 4500
001 UCV0556
003 CL-VaPUC
005 20240819124131.0
008 881021e19880000CL |||||||||||||||||spa|d
999 |c 208949  |d 208947 
040 |c Pontificia Universidad Católica de Valparaíso 
082 0 4 |a 344.01  |b HUM  |2 21 
100 |a Humeres Magnan, Héctor  |e autor  |9 476560 
245 1 0 |a Derecho del trabajo y de la seguridad social 
250 |a 12a. ed 
260 |a Santiago  |b Jurídica de Chile  |c 1988 
300 |a 548 p 
583 |a last modification  |c 20170710 12:57:14  |k Rodrigo Vera 
600 0 7 |a OIT  |2 CL-VaPUC  |9 255318 
650 0 |a Administradoras de Fondos de Pensiones (AFP)  |9 255319 
650 0 |a Contratos de trabajo  |9 254966 
650 7 |a DERECHO LABORAL  |2 CL-VaPUC  |9 15 
650 7 |a HUELGAS  |2 CL-VaPUC  |9 255320 
650 0 |a Salarios  |9 255321 
650 0 |a Seguridad social  |9 255322 
650 0 |a Sindicatos  |9 255034 
650 7 |a JUZGADOS DEL TRABAJO  |2 CL-VaPUC  |9 255072 
651 7 |a CHILE  |2 CL-VaPUC  |9 295014 
700 |a Humeres Noguer, Héctor  |e autor  |9 621050 
942 |c BK  |2 ddc 
945 |d 19881021 00:00:00 
952 |0 0  |1 0  |4 0  |6 344_010000000000000_HUM_1988  |7 0  |8 A  |9 183979  |a BIBDER  |b BIBDER  |d 2019-11-14  |i 2509490  |o 344.01 HUM 1988  |p 2509490  |r 2023-01-25  |w 2019-11-14  |y BK  |k DER